000
00332nam a22001457a 4500
003
SGT
020
_a
97815-43343-59-5
082
_a
646.7
_b
SHE
100
_a
SHEIKH, DR. AIJAZ A.
245
_a
A TEXTBOOK OF COSMETIC SCIENCE
260
_a
INDIA
_b
PEE VEE
_c
2019
300
_a
219
650
_a
COSMETIC SCIENCE
942
_2
ddc
_c
BK
999
_c
32487
_d
32487